[Event "Lamia ESSKE-ch"]
[Site "Lamia"]
[Date "2011.06.??"]
[Round "?"]
[White "Krommidas, Vasilios"]
[Black "Tsoumas, Ilias"]
[Result "0-1"]
[WhiteElo "1829"]
[BlackElo "1964"]
[PlyCount "72"]
[EventDate "2011.06.??"]
[EventType "swiss"]
[EventRounds "7"]
[EventCountry "GRE"]
[SourceTitle "EXT 2024"]
[Source "ChessBase"]
[SourceDate "2023.10.10"]
[SourceVersion "1"]
[SourceVersionDate "2023.10.10"]
[SourceQuality "1"]

1. Nf3 Nf6 2. g3 d5 3. Bg2 e6 4. d3 c5 5. 0-0 Be7 6. Nbd2 0-0 7. e4 dxe4 8. dxe4 Nc6 9. e5 Nd7 10. Re1 Qc7 11. Qe2 b6 12. Nf1 Nb4 13. Bf4 Ba6 14. c4 Rfd8 15. a3 Nc6 16. h4 Nf8 17. N1d2 Rd7 18. Ne4 Ng6 19. Neg5 Rad8 20. Qe4 Nd4 21. Nxh7 Bb7 22. Qb1 Bxf3 23. Ng5 Bxg5 24. Bxg5 Ne7 25. Bxe7 Rxe7 26. Kh2 Bxg2 27. Kxg2 Qc6+ 28. Kh3 Qf3 29. Re3 Qxf2 30. Qd3 Qxb2 31. Rf1 Qc2 32. Qxc2 Nxc2 33. Ref3 Rd2 34. h5 Red7 35. Kg4 R2d3 36. R3f2 Ne3+ 0-1

[Event "Iarissa Summer 2nd"]
[Site "Iarissa"]
[Date "2008.07.17"]
[Round "6"]
[White "Harhantis, Haralambos"]
[Black "Krommidas, Vasilios"]
[Result "0-1"]
[WhiteElo "1660"]
[BlackElo "1682"]
[PlyCount "64"]
[EventDate "2008.07.08"]
[EventType "tourn"]
[EventRounds "7"]
[EventCountry "GRE"]
[SourceTitle "EXT 2024"]
[Source "ChessBase"]
[SourceDate "2023.10.10"]
[SourceVersion "1"]
[SourceVersionDate "2023.10.10"]
[SourceQuality "1"]

1. e4 e5 2. Nf3 Nc6 3. Bc4 Nf6 4. Nc3 Nxe4 5. Nxe4 d5 6. Bb5 dxe4 7. Nxe5 Qg5 8. d4 Qxg2 9. Rf1 Bh3 10. Bf4 a6 11. Be2 Nxe5 12. Bxe5 0-0-0 13. Qd2 Qg6 14. Rh1 Qb6 15. 0-0-0 f6 16. Bf4 Be6 17. Be3 Bxa2 18. d5 Qb4 19. Qxb4 Bxb4 20. b3 Ba3+ 21. Kd2 Rxd5+ 22. Ke1 Bb4+ 23. Bd2 Rxd2 24. Bg4+ Kb8 25. Rxd2 Rd8 26. Ke2 Rxd2+ 27. Ke3 Rxc2 28. Kxe4 Rb2 29. Rd1 Bb1+ 30. Ke3 Bc5+ 31. Kf3 Rxb3+ 32. Kg2 Be4+ 0-1